|
|
|
|
| LEADER |
00000nam a22000007a 4500 |
| 005 |
20201204102120.0 |
| 007 |
cr|||| |||| |
| 008 |
201204s2019 co |||||s|||| 00||0 spa d |
| 020 |
|
|
|a 978-958-781-426-2
|
| 035 |
|
|
|a 32312
|
| 040 |
|
|
|a vLex
|
| 090 |
|
|
|c 10918
|d 10918
|
| 100 |
1 |
|
|a Cepeda Ms̀mela, Carolina
|
| 245 |
1 |
0 |
|a Coca, desempleo y dignidad
|h [Recurso electrn̤ico] :
|b Resistencias entre lo local y lo global contra el neoliberalismo /
|c Carolina Cepeda Ms̀mela
|
| 256 |
|
|
|a Servicio en ln̕ea
|
| 260 |
|
|
|a Bogot:̀
|b Pontificia Universidad Javeriana,
|c 2019
|
| 300 |
|
|
|a 1 recurso electrn̤ico
|
| 500 |
|
|
|a Este es un trabajo que parte de una preocupacin̤ acadm̌ica y, sobre todo, polt̕ica por el curso que sigui ̤el movimiento alterglobalizacin̤ en la segunda dčada del siglo XXI desdpuš de haber tenido un pico de movilizacin̤ entre 1999 y 2005. Aborda la relacin̤ entre lo global y lo local en el ejercicio de la resistencia contra el neoliberalismo mediante el estudio de los vn̕culos que existen entre el movimiento alterglobalizacin̤, el movimiento cocalero boliviano y los movimientos piqueteros y multisectoriales argentinos.
|
| 506 |
1 |
|
|a Disponible solo en los productos indicados
|d vLex Global
|d vLex Global (Academic Edition, excluding Law Schools)
|d vLex Global (U.S. Academic Edition, Law Schools)
|d vLex Global (U.S. Academic Edition, excluding Law Schools)
|d vLex Global (Academic Edition, Law Schools)
|
| 650 |
0 |
4 |
|a Ciencias sociales
|z Colombia
|
| 650 |
0 |
4 |
|a Ciencia polt̕ica
|z Colombia
|
| 650 |
0 |
4 |
|a Humanidades
|z Colombia
|
| 740 |
0 |
|
|a vLex Libros (Servicio en ln̕ea)
|
| 856 |
4 |
0 |
|u http://vlex.com/source/coca-desempleo-y-dignidad-resistencias-entre-lo-local-y-lo-global-contra-el-neoliberalismo-32312
|z Acceso restringido
|
| 942 |
|
|
|c BOOK
|
| 999 |
0 |
|
|a Social Sciences
|
| 999 |
0 |
|
|a Political science
|
| 999 |
0 |
|
|a Humanities
|